Understanding Digital Libraries (Record no. 113859)
[ view plain ]
| 000 -LEADER | |
|---|---|
| fixed length control field | 00506nam a22001937a 4500 |
| 020 ## - INTERNATIONAL STANDARD BOOK NUMBER | |
| ISBN | 1-55860-924-5 |
| 041 ## - LANGUAGE CODE | |
| Language code of text/sound track or separate title | eng |
| 082 ## - DEWEY DECIMAL CLASSIFICATION NUMBER | |
| Edition number | 23rd. |
| Classification number | 025.042 |
| Item number | LES |
| 100 ## - MAIN ENTRY--AUTHOR NAME | |
| Personal name | Lesk, Michael |
| 245 ## - TITLE STATEMENT | |
| Title | Understanding Digital Libraries |
| Statement of responsibility, etc | Michael Lesk |
| 250 ## - EDITION STATEMENT | |
| Edition statement | 2nd ed. |
| 260 ## - PUBLICATION, DISTRIBUTION, ETC. (IMPRINT) | |
| Name of publisher | Elsevier |
| Place of publication | Amsterdam |
| Year of publication | 2005 |
| 300 ## - PHYSICAL DESCRIPTION | |
| Number of Pages | xxxi,424p.:ill.; |
| Dimensions | 25cm. |
| 650 ## - SUBJECT ADDED ENTRY--TOPICAL TERM | |
| Topical Term | Digital libraries |
| 650 ## - SUBJECT ADDED ENTRY--TOPICAL TERM | |
| Topical Term | Libraries--Automation |
| 700 ## - ADDED ENTRY--PERSONAL NAME | |
| Personal name | Lesk, Michael |
| 856 ## - ELECTRONIC LOCATION AND ACCESS | |
| Uniform Resource Identifier | www.books.elsevier.com |
| 942 ## - ADDED ENTRY ELEMENTS (KOHA) | |
| Koha item type | Books |
| Withdrawn status | Lost status | Damaged status | Collection code | Home library | Current library | Shelving location | Date acquired | Full call number | Accession Number | Copy number | Koha item type |
|---|---|---|---|---|---|---|---|---|---|---|---|
| LIBRARY & INFORMATION SCIENCE | North Eastern Hill University | North Eastern Hill University | Library & Information Science | 06/03/2012 | 025.042 LES | 158745 | ,1 | Books | |||
| LIBRARY & INFORMATION SCIENCE | North Eastern Hill University | North Eastern Hill University | Library & Information Science | 27/07/2022 | 025.042 LES | 159143 | ,1;1 | Books |
